Statistiques concernant Focus sur: Igor Karkaroff - Harry Potter

Cliquez ici pour prendre le quiz!

Statistiques générales

  • Ce quiz a été pris 152 fois
  • Le résultat moyen est 4 sur 6

Statistiques - réponses

Informations recherchéesRéponses% Correct
Première apparitionHarry Potter et la Coupe de Feu
98%
Statut du sangSang-Pur
96%
Ecole fréquentéeDurmstrang
92%
Couleur des cheveuxArgenté/Noir
91%
ProfessionDirecteur de Durmstrang
46%
Acteur l'interprétant dans les filmsPedja Bjelac
15%

Distribution des résultats

Percentile par nombre de réponses

% des personnes avec chaque résultat

Votre développement - résultats

Vous n’avez pas pris ce quiz